All Incorporated Municipalities of Carbon County, Pennsylvania - Statistics

General Stats
  • This quiz has been taken 12 times
  • The average score is 16 of 23
Answer Stats
Answer % Correct
Bowmanstown
100%
Jim Thorpe
100%
Lehigh
100%
Lehighton
100%
Nesquehoning
100%
Packer
100%
Palmerton
100%
Parryville
100%
Weatherly
100%
Weissport
100%
Banks
50%
Beaver Meadows
50%
East Penn
50%
East Side
50%
Kidder
50%
Lansford
50%
Lausanne
50%
Lower Towamensing
50%
Mahoning
50%
Penn Forest
50%
Summit Hill
50%
Towamensing
50%
Franklin
0%
No matching quizzes found
Score Distribution
Percent of People with Each Score
Percentile by Number Answered
Your Score History
You have not taken this quiz